000 00937nam a2200229Ia 4500
003 IN-BaIIA
008 211028s9999 xx s 000 0 eng d
020 _a978-1-107-13819-3 (Print)
022 _a1743-9213 (Print)
022 _a1743-9221 (Online)
040 _cIIA Library
100 _a Bragaglia, A., ed.
_940676
245 4 _aThe General Assembly of Galaxy Halos: Structure, Origin and Evolution
_h[eBook]
260 _aCambridge
_bCambridge University Press
_c2016
300 _aOnline resource
490 _aIAU Symposium; no. 317
700 _aArnaboldi, M., ed.
_940677
700 _aRejkuba, M., ed.
_940678
700 _aRomano, D, ed.
_940679
856 _uhttps://www.cambridge.org/core/journals/proceedings-of-the-international-astronomical-union/issue/BC0C79A922371951A4DE240E66FC519A
_yClick Here to Access eBook
942 _cEB
999 _c22027
_d22027